Catálogo Biblioteca Central

Drawing a better line (Registro nro. 44541)

Detalles MARC
000 -CABECERA
campo de control de longitud fija 00677naa a2200217 i 4500
001 - NÚMERO DE CONTROL
campo de control 44541
003 - IDENTIFICADOR DEL NÚMERO DE CONTROL
campo de control ES-MaBCM
005 - FECHA Y HORA DE LA ÚLTIMA TRANSACCIÓN
campo de control 20241016104707.0
008 - CÓDIGOS DE INFORMACIÓN DE LONGITUD FIJA
campo de control de longitud fija 970117s1996 usa 000 0 eng d
021 ## -
-- xx
035 ## - NÚMERO DE CONTROL DEL SISTEMA
Número de control de sistema (OCoLC)1365256577
040 ## - FUENTE DE LA CATALOGACIÓN
Centro transcriptor ES-MaBCM
041 0# - CÓDIGO DE LENGUA
Código de lengua del texto/banda sonora o título independiente eng
043 ## - CÓDIGO DE ÁREA GEOGRÁFICA
Código de área geográfica usa
100 1# - PUNTO DE ACCESO PRINCIPAL - NOMBRE DE PERSONA
Nombre de persona Ratner, Steven R.
9 (RLIN) 38691
245 10 - MENCIÓN DE TÍTULO
Título Drawing a better line
Resto del título : UTI possidetis and the borders of new states
Mención de responsabilidad etc. Steven R. Ratner
650 27 - PUNTO DE ACCESO ADICIONAL DE MATERIA--TÉRMINO DE MATERIA
Término de materia o nombre geográfico como elemento inicial Frontera
9 (RLIN) 58750
650 27 - PUNTO DE ACCESO ADICIONAL DE MATERIA--TÉRMINO DE MATERIA
Término de materia o nombre geográfico como elemento inicial Relación internacional
9 (RLIN) 60079
773 0# - ENLACE AL DOCUMENTO FUENTE
Encabezamiento principal En:
Título American journal of international law
Lugar editor y fecha de publicación Washington : 1996
Número de control del registro relacionado 104703
Parte(s) relacionada(s) vol. 90, no. 4, Oct., p. 590-624. - Loc. S.342
942 ## - ELEMENTOS DE PUNTO DE ACCESO ADICIONAL (KOHA)
Tipo de ítem Koha Artículos de revistas
Existencias
Estado de retiro Estado de pérdida Estado dañado No para préstamo Localización permanente Ubicación/localización actual Fecha de adquisición Precio válido a partir de Tipo de ítem Koha
        Biblioteca Central del Ministerio de la Presidencia Biblioteca Central del Ministerio de la Presidencia 21/04/2012 21/04/2012 Artículos de revistas